Propuesta de diseño urbano arquitectónico del paseo-parque El Calvario en la ciudad de Matagalpa.

Presenta una Propuesta de diseño urbano arquitectónico del paseo-parque El Calvario en la ciudad de Matagalpa, logra establecer un marco teórico metodológico para la nueva tipología de espacio público abierto en Nicaragua, a partir de la consolidación y síntesis práctica de estudios realiza...

Full description

Bibliographic Details
Main Author: Pichardo Rodríguez, Doris Raquel
Other Authors: Tutor: Cardoza Sánchez, Riel Ramón
Format: Tesis Section = Libro
Language:Undetermined
Spanish
Published: Managua UNI 2014
Subjects:
LEADER 01232nam a2200265Ia 4500
008 240830s9999 xx 000 0 und d
040 |a BIBLIOTECA-RUSB/ Mon 712.5 P592 
041 |a spa 
082 |a Mon 712.5 P592 
100 1 |a Pichardo Rodríguez, Doris Raquel 
245 1 0 |a Propuesta de diseño urbano arquitectónico del paseo-parque El Calvario en la ciudad de Matagalpa. 
260 |a Managua  |b UNI  |c 2014 
300 |a 131 p. :il. 
500 |a Contiene: anexos e Incluye: CD. 
502 |a Tesis (Arquitecto) - UNI, 2014. 
520 3 |a Presenta una Propuesta de diseño urbano arquitectónico del paseo-parque El Calvario en la ciudad de Matagalpa, logra establecer un marco teórico metodológico para la nueva tipología de espacio público abierto en Nicaragua, a partir de la consolidación y síntesis práctica de estudios realizados a los espacios públicos abiertos de Matagalpa. 
650 7 |a DISEÑO ARQUITECTONICO 
650 7 |b  DISEÑO URBANO-ARQUITECTONICO 
650 7 |c  ESPACIOS PUBLICOS-PARQUE 
650 7 |d  DESARROLLO URBANO AMBIENTAL 
650 7 |e  ARQUITECTURA-DISEÑOS Y PLANOS 
700 1 |a Tutor:  |b Cardoza Sánchez, Riel Ramón 
942 |c BK  |2 ddc 
991 |a TESIS 
999 |c 21092